[Event "Dubai op-B 23rd"]
[Site "Dubai"]
[Date "2023.06.01"]
[Round "6"]
[White "Lindiawati, Evi"]
[Black "Ashvath, Mittal"]
[Result "1/2-1/2"]
[WhiteElo "1990"]
[BlackElo "1681"]
[PlyCount "75"]
[EventDate "2023.05.27"]
[EventType "swiss"]
[EventRounds "9"]
[EventCountry "UAE"]
[SourceTitle "CBM 214 Extra"]
[Source "ChessBase"]
[SourceDate "2023.07.31"]
[SourceVersion "1"]
[SourceVersionDate "2023.07.31"]
[SourceQuality "1"]

1. e4 c5 2. Nc3 d6 3. g3 g6 4. d4 cxd4 5. Qd2 d3 6. Qxd3 Nf6 7. Qd4 Bg7 8. Bg5 Nc6 9. Nd5 e6 10. Qa4 0-0 11. Nc3 Qb6 12. Bg2 Nd7 13. Nge2 Qb5 14. Qb3 Qxb3 15. axb3 h6 16. Be3 Rd8 17. 0-0-0 Nf6 18. Nb5 Ne8 19. Rd2 b6 20. Rhd1 Ba6 21. Nec3 Bxc3 22. Nxc3 Kg7 23. Bf4 e5 24. Be3 Nb4 25. f4 f6 26. fxe5 fxe5 27. Bf1 Bb7 28. Bb5 Nc6 29. Nd5 Rd7 30. Rf2 Rad8 31. Be2 Ne7 32. Bb5 Nxd5 33. exd5 Re7 34. Bxe8 Rexe8 35. c4 Rf8 36. Rdf1 Rf7 37. Rf3 Rxf3 38. Rf2 1/2-1/2

[Event "Dubai op-B 23rd"]
[Site "Dubai"]
[Date "2023.05.31"]
[Round "5"]
[White "Mahmoud Youssef, Noha"]
[Black "Lindiawati, Evi"]
[Result "0-1"]
[WhiteElo "1674"]
[BlackElo "1990"]
[PlyCount "62"]
[EventDate "2023.05.27"]
[EventType "swiss"]
[EventRounds "9"]
[EventCountry "UAE"]
[SourceTitle "CBM 214 Extra"]
[Source "ChessBase"]
[SourceDate "2023.07.31"]
[SourceVersion "1"]
[SourceVersionDate "2023.07.31"]
[SourceQuality "1"]

1. e4 g6 2. d4 Bg7 3. g3 d5 4. e5 c5 5. c3 Nc6 6. Bg2 Bf5 7. Qb3 cxd4 8. Qxb7 Nxe5 9. cxd4 Nd3+ 10. Kd2 Nxf2 11. Bxd5 Rb8 12. Qc6+ Kf8 13. Nc3 Nxh1 14. Ke1 Nxg3 15. hxg3 Bxd4 16. Nge2 Be5 17. Bb3 Kg7 18. Be3 Rc8 19. Qf3 Nf6 20. Rd1 Qa5 21. Qh1 h5 22. Nd4 Bxg3+ 23. Kf1 Bg4 24. Rd2 Qe5 25. Qg1 h4 26. Bd1 Bh3+ 27. Ke2 Ng4 28. Nc2 Bf2 29. Qh1 Bxe3 30. Qxh3 Bxd2+ 31. Kxd2 Qf4+ 0-1

[Event "Mare di Fano op 5th"]
[Site "Fano"]
[Date "2016.08.03"]
[Round "6"]
[White "Rezzuti, Vincenzo"]
[Black "Lindiawati, Evi"]
[Result "1/2-1/2"]
[WhiteElo "1937"]
[BlackElo "2022"]
[PlyCount "65"]
[EventDate "2016.07.30"]
[EventType "swiss"]
[EventRounds "9"]
[EventCountry "ITA"]
[SourceTitle "CBM 173 Extra"]
[Source "ChessBase"]
[SourceDate "2016.08.29"]
[SourceVersion "1"]
[SourceVersionDate "2016.08.29"]
[SourceQuality "1"]

1. e4 d5 2. exd5 Qxd5 3. Nc3 Qd6 4. d4 c6 5. Nf3 Bg4 6. Bc4 Nf6 7. Be3 e6 8. h3 Bh5 9. Qe2 Nbd7 10. 0-0-0 Nb6 11. Bb3 Be7 12. g4 Bg6 13. Ne5 Nbd5 14. Nxd5 Nxd5 15. Nxg6 hxg6 16. Bd2 a5 17. a3 Qc7 18. c4 Nf6 19. Qf3 Qb6 20. Rhe1 0-0 21. c5 Qd8 22. g5 Nd5 23. Bxd5 Qxd5 24. Qxd5 cxd5 25. Kb1 Rfc8 26. Rc1 Kf8 27. a4 Ke8 28. Rc3 Kd7 29. Rb3 Ra7 30. Rb5 Rh8 31. Rh1 Rh4 32. f4 Bd8 33. Rb3 1/2-1/2

[Event "Penang op 4th"]
[Site "Penang"]
[Date "2012.12.15"]
[Round "9"]
[White "Lindiawati, Evi"]
[Black "Tan, Li Ting"]
[Result "1/2-1/2"]
[WhiteElo "2059"]
[BlackElo "1861"]
[PlyCount "70"]
[EventDate "2012.12.11"]
[EventType "swiss"]
[EventRounds "9"]
[EventCountry "MAS"]
[SourceTitle "EXT 2014"]
[Source "ChessBase"]
[SourceDate "2013.11.20"]
[SourceVersion "1"]
[SourceVersionDate "2013.11.20"]
[SourceQuality "1"]

1. c4 e6 2. g3 Nf6 3. Bg2 d5 4. Nf3 c6 5. Qc2 Bd6 6. d4 Nbd7 7. 0-0 0-0 8. Nbd2 Re8 9. e4 Nxe4 10. Nxe4 dxe4 11. Qxe4 e5 12. Bg5 f6 13. Bd2 exd4 14. Qxd4 Bc5 15. Qd3 Nf8 16. Qxd8 Rxd8 17. Rfd1 Be6 18. b3 Rd3 19. Ba5 Rd7 20. Rxd7 Bxd7 21. Rd1 Re8 22. Kf1 Kf7 23. Bc3 Bb6 24. Bd4 Bxd4 25. Nxd4 g6 26. b4 Rc8 27. b5 Ke7 28. bxc6 bxc6 29. c5 Ne6 30. Nxe6 Bxe6 31. Rd4 Rc7 32. a3 Bd5 33. Bxd5 cxd5 34. Rxd5 Rc6 35. Ke2 Ke6 1/2-1/2

[Event "Budapest FS08 FM-A1"]
[Site "Budapest"]
[Date "2012.08.12"]
[Round "9"]
[White "Capitelli, Paolo"]
[Black "Lindiawati, Evi"]
[Result "1/2-1/2"]
[WhiteElo "2087"]
[BlackElo "2075"]
[PlyCount "45"]
[EventDate "2012.08.04"]
[EventType "tourn"]
[EventRounds "11"]
[EventCountry "HUN"]
[SourceTitle "CBM 149 Extra"]
[Source "ChessBase"]
[SourceDate "2012.08.24"]
[SourceVersion "1"]
[SourceVersionDate "2012.08.24"]
[SourceQuality "1"]

1. e4 g6 2. d4 Bg7 3. Nc3 d6 4. f4 c6 5. Nf3 Bg4 6. Be2 Nd7 7. 0-0 e6 8. Be3 Ne7 9. Qd2 0-0 10. h3 Bxf3 11. Bxf3 e5 12. Rad1 Nb6 13. Qe2 Qc7 14. g4 f5 15. Bg2 fxe4 16. Bxe4 d5 17. Bf3 exf4 18. Bf2 Rae8 19. Rfe1 Qd7 20. Qd3 Nc4 21. Na4 Nc8 22. b3 Ne3 23. Bxe3 1/2-1/2

[Event "Budapest FS08 FM-A1"]
[Site "Budapest"]
[Date "2012.08.06"]
[Round "3"]
[White "Trenseno, Felica"]
[Black "Lindiawati, Evi"]
[Result "1/2-1/2"]
[WhiteElo "1983"]
[BlackElo "2075"]
[PlyCount "85"]
[EventDate "2012.08.04"]
[EventType "tourn"]
[EventRounds "11"]
[EventCountry "HUN"]
[SourceTitle "CBM 149 Extra"]
[Source "ChessBase"]
[SourceDate "2012.08.24"]
[SourceVersion "1"]
[SourceVersionDate "2012.08.24"]
[SourceQuality "1"]

1. e4 g6 2. d4 Bg7 3. Nc3 d6 4. Be3 a6 5. Bc4 e6 6. a4 b6 7. Nge2 Nd7 8. Qd2 Bb7 9. 0-0 h6 10. f4 Ngf6 11. f5 e5 12. fxg6 fxg6 13. Ng3 Qe7 14. Nd5 Nxd5 15. Bxd5 Bxd5 16. exd5 exd4 17. Bxd4 Bxd4+ 18. Qxd4 Ne5 19. a5 b5 20. Rae1 Kd7 21. Ne2 g5 22. Qc3 Raf8 23. Nd4 Kc8 24. Nc6 Rxf1+ 25. Rxf1 Qg7 26. Nxe5 Qxe5 27. Qxe5 dxe5 28. Rf6 Rd8 29. Rxa6 Rxd5 30. Rc6 Kb7 31. Rc3 c5 32. Kf2 b4 33. Rc4 Ka6 34. b3 Kxa5 35. Ke3 Kb5 36. h4 Rd4 37. hxg5 hxg5 38. Rxd4 exd4+ 39. Ke4 g4 40. g3 Kc6 41. Ke5 Kc7 42. Kd5 Kb6 43. Ke4 1/2-1/2

[Event "Jakarta Indonesia op 1st"]
[Site "Jakarta"]
[Date "2011.10.17"]
[Round "7"]
[White "Pamungkas, Junaid Jaya"]
[Black "Lindiawati, Evi"]
[Result "1-0"]
[WhiteElo "2240"]
[BlackElo "2085"]
[PlyCount "99"]
[EventDate "2011.10.13"]
[EventType "swiss"]
[EventRounds "9"]
[EventCountry "INA"]
[SourceTitle "EXT 2012"]
[Source "ChessBase"]
[SourceDate "2011.11.24"]
[SourceVersion "1"]
[SourceVersionDate "2011.11.24"]
[SourceQuality "1"]

1. e4 e5 2. Nf3 Nc6 3. Bb5 a6 4. Ba4 Nf6 5. 0-0 d6 6. d4 Bd7 7. Nc3 Nxd4 8. Bxd7+ Qxd7 9. Nxd4 exd4 10. Qxd4 Be7 11. Bg5 h6 12. Bh4 0-0 13. e5 Ne8 14. Rad1 Qe6 15. Bxe7 Qxe7 16. f4 Rd8 17. Nd5 Qh4 18. g3 Qg4 19. Qa7 c6 20. Ne7+ Kh8 21. Qxb7 Rd7 22. Qc8 Qe6 23. Nxc6 Rc7 24. Qxe6 fxe6 25. exd6 Rxc6 26. d7 Nd6 27. Rfe1 Nf7 28. c4 Nd8 29. Rd4 Kg8 30. b4 Kf7 31. a4 Ke7 32. Kf2 Nb7 33. Ke3 Nd6 34. Kd3 Nf5 35. Rd5 Rd6 36. Ree5 Kxd7 37. Rxd6+ Nxd6 38. Ra5 Ra8 39. Kd4 Nb7 40. Re5 a5 41. b5 Nd6 42. c5 Nf7 43. Re3 Rd8 44. Kc4 Re8 45. c6+ Ke7 46. Kc5 Nd6 47. b6 Rf8 48. b7 Rb8 49. Kb6 Nc4+ 50. Kc7 1-0

[Event "Jakarta Indonesia op 1st"]
[Site "Jakarta"]
[Date "2011.10.14"]
[Round "3"]
[White "Lindiawati, Evi"]
[Black "Novita, Anjas"]
[Result "0-1"]
[WhiteElo "2085"]
[BlackElo "2310"]
[PlyCount "126"]
[EventDate "2011.10.13"]
[EventType "swiss"]
[EventRounds "9"]
[EventCountry "INA"]
[SourceTitle "EXT 2012"]
[Source "ChessBase"]
[SourceDate "2011.11.24"]
[SourceVersion "1"]
[SourceVersionDate "2011.11.24"]
[SourceQuality "1"]

1. e4 c5 2. Nf3 d6 3. d4 cxd4 4. Nxd4 Nf6 5. Nc3 a6 6. Be3 e6 7. f3 Be7 8. Qd2 0-0 9. 0-0-0 b5 10. g4 Bb7 11. g5 Nfd7 12. h4 Nc6 13. Kb1 b4 14. Na4 Nxd4 15. Bxd4 e5 16. Be3 Bc6 17. b3 Bxa4 18. bxa4 Qa5 19. Bc4 Rac8 20. Bb3 Nc5 21. Qd5 Nxb3 22. axb3 Qxd5 23. Rxd5 Rc6 24. Rd3 f5 25. gxf6 Rxf6 26. Bg5 Re6 27. Bd2 Rb6 28. h5 g6 29. Rg1 Kf7 30. Rh1 Kg7 31. Rg1 Bh4 32. Be3 Rc6 33. Bd2 Bf2 34. Rg4 Bc5 35. h6+ Kf7 36. f4 Rf6 37. f5 gxf5 38. Rg7+ Ke6 39. Bg5 fxe4 40. Rd1 Rf7 41. Rg8 e3 42. Re8+ Kd7 43. Rxe5 Kc7 44. Re4 Rf2 45. Re7+ Kc8 46. Bxe3 Bxe3 47. Rxe3 Rfxc2 48. Re8+ Kb7 49. Re7+ Kb6 50. Rxh7 R2c3 51. Kb2 Rc2+ 52. Kb1 R2c3 53. Kb2 Rc2+ 54. Kb1 Rh2 55. Rd5 Rc3 56. Rxd6+ Kc5 57. Rhd7 Rxb3+ 58. Kc1 Rc3+ 59. Kd1 Ra3 60. Ke1 Raa2 61. Rd2 Raxd2 62. Rxd2 Rxh6 63. Rc2+ Kb6 0-1

[Event "Tagaytay City zt 3.3 (Women)"]
[Site "Tagaytay City"]
[Date "2011.05.27"]
[Round "6"]
[White "Lindiawati, Evi"]
[Black "Suede, Mikee Charlene"]
[Result "1/2-1/2"]
[WhiteElo "2106"]
[BlackElo "1902"]
[PlyCount "69"]
[EventDate "2011.05.24"]
[EventType "swiss"]
[EventRounds "9"]
[EventCountry "PHI"]
[SourceTitle "EXT 2012"]
[Source "ChessBase"]
[SourceDate "2011.11.24"]
[SourceVersion "1"]
[SourceVersionDate "2011.11.24"]
[SourceQuality "1"]

1. e4 e6 2. d4 d5 3. Nd2 Nf6 4. e5 Nfd7 5. Bd3 c5 6. c3 Nc6 7. Ne2 cxd4 8. cxd4 f6 9. exf6 Qxf6 10. Nf3 h6 11. Nf4 Bb4+ 12. Kf1 0-0 13. Be3 Bd6 14. Nh5 Qf7 15. Nh4 Ne7 16. Qg4 Nf6 17. Nxf6+ Qxf6 18. Ng6 e5 19. dxe5 Bxg4 20. exf6 Nxg6 21. Bxg6 Rxf6 22. h3 Bd7 23. Bd3 Be5 24. Rb1 d4 25. Bd2 Bc6 26. f3 Bd5 27. b3 Bg3 28. Be1 Bc7 29. Bf2 Bb6 30. Rc1 Rc6 31. Rxc6 bxc6 32. Ke2 Re8+ 33. Kd1 Kf7 34. Re1 Rxe1+ 35. Kxe1 1/2-1/2

[Event "Tagaytay City zt 3.3 (Women)"]
[Site "Tagaytay City"]
[Date "2011.05.26"]
[Round "4"]
[White "Lindiawati, Evi"]
[Black "Docena, Jedara"]
[Result "0-1"]
[WhiteElo "2106"]
[BlackElo "2035"]
[PlyCount "94"]
[EventDate "2011.05.24"]
[EventType "swiss"]
[EventRounds "9"]
[EventCountry "PHI"]
[SourceTitle "EXT 2012"]
[Source "ChessBase"]
[SourceDate "2011.11.24"]
[SourceVersion "1"]
[SourceVersionDate "2011.11.24"]
[SourceQuality "1"]

1. e4 c5 2. Nf3 Nc6 3. d4 cxd4 4. Nxd4 Nf6 5. Nc3 d6 6. Bc4 e5 7. Nf3 Be6 8. Bd5 Bxd5 9. exd5 Ne7 10. Bg5 Ng6 11. Qd3 Be7 12. g3 0-0 13. Qf5 Qc8 14. Qxc8 Raxc8 15. Be3 a6 16. a4 Bd8 17. 0-0-0 h6 18. h3 Ne7 19. Nd2 Ba5 20. Nde4 Nxe4 21. Nxe4 Rfd8 22. Bd2 Bxd2+ 23. Rxd2 Rc4 24. Nc3 Nf5 25. Re1 Nd4 26. Re3 Rdc8 27. Kb1 f5 28. f4 e4 29. g4 Nf3 30. Rg2 Nh4 31. Rge2 g6 32. Rd2 Kf7 33. Rde2 Nf3 34. Rg2 R4c5 35. Rge2 b5 36. axb5 axb5 37. Rf2 Nd4 38. gxf5 gxf5 39. Rg3 Rg8 40. Rxg8 Kxg8 41. Rd2 Nf3 42. Rd1 Kf7 43. Ne2 Rc8 44. Nc3 Rxc3 45. bxc3 e3 46. Rd3 e2 47. Rxf3 e1Q+ 0-1

[Event "Asia Cities-ch 17th"]
[Site "Jakarta"]
[Date "2011.04.27"]
[Round "7.8"]
[White "Lindiawati, Evi"]
[Black "Looi, Xin Hao"]
[Result "1/2-1/2"]
[WhiteElo "2106"]
[BlackElo "1970"]
[PlyCount "63"]
[EventDate "2011.04.22"]
[EventType "team-swiss"]
[EventRounds "9"]
[EventCountry "INA"]
[SourceTitle "CBM 142 Extra"]
[Source "ChessBase"]
[SourceDate "2011.06.27"]
[SourceVersion "1"]
[SourceVersionDate "2011.06.27"]
[SourceQuality "1"]
[WhiteTeam "Tarakan"]
[BlackTeam "Penang"]
[WhiteTeamCountry "INA"]
[BlackTeamCountry "MAS"]

1. e4 c5 2. Nf3 d6 3. d4 cxd4 4. Nxd4 Nf6 5. Nc3 a6 6. Be3 e6 7. f3 Be7 8. Qd2 b5 9. 0-0-0 Bb7 10. g4 Qc7 11. h4 Nbd7 12. g5 Nh5 13. Rg1 Nc5 14. Bxb5+ axb5 15. Ndxb5 Qc6 16. Nxd6+ Qxd6 17. Qxd6 Bxd6 18. Rxd6 Nd7 19. f4 Ke7 20. Rgd1 Rhd8 21. a4 Ng3 22. R6d4 Bxe4 23. Rg1 Bxc2 24. Rxg3 Bf5 25. b4 Rdc8 26. Kb2 Nb6 27. a5 Nc4+ 28. Kb3 Nxa5+ 29. bxa5 Rab8+ 30. Rb4 Bc2+ 31. Kxc2 Rxb4 32. Rf3 1/2-1/2

[Event "Asia Cities-ch 17th"]
[Site "Jakarta"]
[Date "2011.04.26"]
[Round "6.1"]
[White "Wang, Rui"]
[Black "Lindiawati, Evi"]
[Result "0-1"]
[WhiteElo "2437"]
[BlackElo "2106"]
[PlyCount "106"]
[EventDate "2011.04.22"]
[EventType "team-swiss"]
[EventRounds "9"]
[EventCountry "INA"]
[SourceTitle "CBM 142 Extra"]
[Source "ChessBase"]
[SourceDate "2011.06.27"]
[SourceVersion "1"]
[SourceVersionDate "2011.06.27"]
[SourceQuality "1"]
[WhiteTeam "Shi Jiazhuang"]
[BlackTeam "Tarakan"]
[WhiteTeamCountry "CHN"]
[BlackTeamCountry "INA"]

1. d4 Nf6 2. c4 e6 3. Nc3 Bb4 4. g3 0-0 5. Bg2 d5 6. Nf3 Ne4 7. Qc2 c5 8. 0-0 cxd4 9. Nxd4 Nxc3 10. bxc3 Bc5 11. Nb3 Bb6 12. cxd5 exd5 13. Ba3 Re8 14. Rad1 Be6 15. c4 Nd7 16. cxd5 Bg4 17. Rd2 Rc8 18. Qd1 Ne5 19. h3 Bd7 20. Rc2 Nc4 21. Bc1 Bf5 22. Rc3 Qf6 23. Rf3 Qe5 24. Rf4 g5 25. Rxf5 Qxf5 26. e4 Qe5 27. Qg4 h6 28. Kh1 Qg7 29. Qd1 Nd6 30. Qd3 Rc3 31. Qe2 Rc7 32. Bb2 Qg6 33. f3 Rec8 34. Rc1 Nc4 35. Bd4 Qd6 36. f4 gxf4 37. e5 Nxe5 38. Rxc7 Bxc7 39. Nc5 f3 40. Bxf3 Nxf3 41. Qxf3 Qxg3 42. Qxg3+ Bxg3 43. Nxb7 Rc7 44. Nc5 Bd6 45. Nb3 Rc2 46. Bxa7 Rxa2 47. Bg1 Ra3 48. Nd4 Rxh3+ 49. Kg2 Rh5 50. Kf3 Rxd5 51. Ke4 Re5+ 52. Kf3 Bc5 53. Nc6 Re6 0-1

[Event "WUCC op (Women) 11th"]
[Site "Zuerich"]
[Date "2010.09.10"]
[Round "7"]
[White "Lindiawati, Evi"]
[Black "Garcia, Liria Caetano"]
[Result "0-1"]
[WhiteElo "2133"]
[BlackElo "1908"]
[PlyCount "114"]
[EventDate "2010.09.05"]
[EventType "swiss"]
[EventRounds "9"]
[EventCountry "SUI"]
[SourceTitle "CBM 138 Extra"]
[Source "ChessBase"]
[SourceDate "2010.10.29"]
[SourceVersion "1"]
[SourceVersionDate "2010.10.29"]
[SourceQuality "1"]

1. e4 c6 2. d4 d5 3. Nc3 g6 4. e5 h5 5. Bd3 Nh6 6. Nf3 Bf5 7. Bg5 Qd7 8. Be2 Bg4 9. Qd2 Nf5 10. 0-0-0 Na6 11. Rhe1 Nc7 12. e6 Nxe6 13. Ne5 Qc7 14. f3 Nxg5 15. fxg4 Bh6 16. Kb1 Nf3 17. Qd3 Nxe1 18. Rxe1 hxg4 19. Bxg4 Bf4 20. Nf3 e6 21. g3 Bd6 22. Bxf5 gxf5 23. Qxf5 0-0-0 24. Qd3 Bb4 25. Re2 Bxc3 26. Qxc3 Rh5 27. Ne5 Rdh8 28. h4 Rg8 29. Rf2 Rg7 30. b3 c5 31. g4 Rxh4 32. dxc5 Rh1+ 33. Kb2 Rhh7 34. Qd4 Rg5 35. Nd3 Qg3 36. c6 b6 37. Qb4 Qc7 38. Qf8+ Qd8 39. Qa3 a5 40. Qa4 d4 41. b4 Qd5 42. Rf4 Qc4 43. Qb3 Qxb3+ 44. axb3 e5 45. Re4 f6 46. b5 Rh2 47. Ne1 Rh4 48. Re2 Rgxg4 49. Rf2 Rf4 50. Rg2 Rfg4 51. Rf2 Rh1 52. Rxf6 Rxe1 53. Rf8+ Kc7 54. Rf7+ Kd6 55. Rd7+ Ke6 56. Rd8 Rgg1 57. b4 a4 0-1

[Event "WUCC op (Women) 11th"]
[Site "Zuerich"]
[Date "2010.09.06"]
[Round "3"]
[White "Lindiawati, Evi"]
[Black "Timofeeva, Ekaterina"]
[Result "1/2-1/2"]
[WhiteElo "2133"]
[BlackElo "2298"]
[PlyCount "123"]
[EventDate "2010.09.05"]
[EventType "swiss"]
[EventRounds "9"]
[EventCountry "SUI"]
[SourceTitle "CBM 138 Extra"]
[Source "ChessBase"]
[SourceDate "2010.10.29"]
[SourceVersion "1"]
[SourceVersionDate "2010.10.29"]
[SourceQuality "1"]

1. e4 d6 2. d4 Nf6 3. Nc3 e5 4. dxe5 dxe5 5. Qxd8+ Kxd8 6. Bg5 Be6 7. 0-0-0+ Kc8 8. f3 Nbd7 9. Bb5 c6 10. Ba4 h6 11. Be3 Nc5 12. Bxc5 Bxc5 13. Bb3 Bxb3 14. axb3 Kc7 15. Nge2 b5 16. Ng3 a5 17. Rd3 a4 18. bxa4 b4 19. Nce2 Rxa4 20. Rhd1 g6 21. Nf1 Rha8 22. Kd2 Ra2 23. Rb1 Nd7 24. Ke1 Bb6 25. Rdd1 b3 26. cxb3 Nc5 27. Nc3 Ba5 28. Nd2 Nd3+ 29. Ke2 Nf4+ 30. Kf1 Bxc3 31. bxc3 Nxg2 32. Nc4 f6 33. Kg1 Nf4 34. Kh1 Rf2 35. Rd2 Ra2 36. Rxa2 Rxa2 37. Ne3 h5 38. h4 Re2 39. Nc4 Rf2 40. Ra1 Rxf3 41. Ra7+ Kb8 42. Rf7 Ne6 43. Kg2 Rf4 44. Nd6 Nc5 45. b4 Nxe4 46. Nxe4 Rxe4 47. Rxf6 Rg4+ 48. Kf2 Kc7 49. Re6 e4 50. Ke3 Rxh4 51. Rxg6 Rh3+ 52. Kd4 h4 53. c4 Rg3 54. Rh6 Rg4 55. b5 cxb5 56. cxb5 Kb7 57. Ke3 Ka7 58. Kd4 Rf4 59. Ke3 Rf3+ 60. Kxe4 Rb3 61. Kf4 Rxb5 62. Rxh4 1/2-1/2

[Event "Olympiad Women-38"]
[Site "Dresden"]
[Date "2008.11.23"]
[Round "10"]
[White "Vega Gutierrez, Sabrina Neide"]
[Black "Lindiawati, Evi"]
[Result "1-0"]
[WhiteElo "2278"]
[BlackElo "2121"]
[PlyCount "69"]
[EventDate "2008.11.13"]
[EventType "team-swiss"]
[EventRounds "11"]
[EventCountry "GER"]
[SourceTitle "CBM 128"]
[Source "ChessBase"]
[SourceDate "2009.01.28"]
[SourceVersion "1"]
[SourceVersionDate "2009.01.28"]
[SourceQuality "1"]
[WhiteTeam "Spain (W)"]
[BlackTeam "Indonesia (W)"]
[WhiteTeamCountry "ESP"]
[BlackTeamCountry "INA"]

1. e4 d5 2. exd5 Qxd5 3. Nf3 Bg4 4. Be2 Nf6 5. d4 e6 6. Be3 c6 7. c4 Qa5+ 8. Nbd2 Ne4 9. 0-0 Nxd2 10. Bxd2 Qc7 11. d5 Bd6 12. h3 Bxf3 13. Bxf3 e5 14. b4 cxd5 15. Bxd5 0-0 16. c5 Be7 17. Re1 Nc6 18. Bc3 Rad8 19. Qf3 Bf6 20. Qe4 Nd4 21. Bxb7 Nb5 22. Bb2 Rd2 23. Rab1 Rfd8 24. Ba6 Nd4 25. Bc3 Rxa2 26. Bxd4 Rxa6 27. Bxe5 Bxe5 28. Qxe5 Qxe5 29. Rxe5 f6 30. Re7 Ra2 31. c6 Kf8 32. Rb7 Rc2 33. b5 a6 34. c7 Rc8 35. b6 1-0

[Event "Olympiad Women-38"]
[Site "Dresden"]
[Date "2008.11.19"]
[Round "6"]
[White "Lindiawati, Evi"]
[Black "Moylan, Laura"]
[Result "0-1"]
[WhiteElo "2121"]
[BlackElo "2114"]
[PlyCount "60"]
[EventDate "2008.11.13"]
[EventType "team-swiss"]
[EventRounds "11"]
[EventCountry "GER"]
[SourceTitle "CBM 128"]
[Source "ChessBase"]
[SourceDate "2009.01.28"]
[SourceVersion "1"]
[SourceVersionDate "2009.01.28"]
[SourceQuality "1"]
[WhiteTeam "Indonesia (W)"]
[BlackTeam "Australia (W)"]
[WhiteTeamCountry "INA"]
[BlackTeamCountry "AUS"]

1. e4 c5 2. Nf3 d6 3. d4 cxd4 4. Nxd4 Nf6 5. Nc3 g6 6. Be3 Bg7 7. f3 Nc6 8. Bc4 0-0 9. Qd2 Bd7 10. 0-0-0 Rc8 11. Bb3 Ne5 12. Kb1 Re8 13. g4 b5 14. h4 a5 15. a3 b4 16. axb4 axb4 17. Na2 Nc4 18. Bxc4 Rxc4 19. Nxb4 Qa5 20. Nd5 Qa6 21. Nb3 Ra8 22. Nb4 Qa4 23. Qd3 Rxb4 24. Bd4 Bb5 25. Qe3 Bc4 26. Bc3 Bxb3 27. cxb3 Rxb3 28. Rhe1 Rxc3 29. Qxc3 Nxe4 30. Rxe4 Qxd1+ 0-1

[Event "ASEAN Circuit IM (Women)"]
[Site "Tarakan"]
[Date "2008.01.16"]
[Round "8"]
[White "Nguyen Thi Mai, Hung"]
[Black "Lindiawati, Evi"]
[Result "1/2-1/2"]
[WhiteElo "2062"]
[BlackElo "2114"]
[PlyCount "58"]
[EventDate "2008.01.08"]
[EventType "tourn"]
[EventRounds "11"]
[EventCountry "INA"]
[SourceTitle "CBM 122 Extra"]
[Source "ChessBase"]
[SourceDate "2008.03.04"]
[SourceVersion "1"]
[SourceVersionDate "2008.03.04"]
[SourceQuality "1"]

1. d4 Nf6 2. Nf3 e6 3. c4 b6 4. Nc3 Bb4 5. Qc2 Bb7 6. Bg5 0-0 7. e3 h6 8. Bh4 d6 9. Bd3 Nbd7 10. 0-0 Bxc3 11. Qxc3 g5 12. Bg3 Nh5 13. Nd2 f5 14. f3 Qf6 15. Bf2 Qg7 16. Rac1 g4 17. Be2 g3 18. Be1 gxh2+ 19. Kxh2 f4 20. Rh1 Ng3 21. Bxg3 Qxg3+ 22. Kg1 Qg5 23. exf4 Rxf4 24. Kf2 Raf8 25. Rh3 Rh4 26. Rg3 Rg4 27. Rxg4 Qxg4 28. Rh1 Rf6 29. Qe3 Kg7 1/2-1/2

[Event "ASEAN Circuit IM (Women)"]
[Site "Tarakan"]
[Date "2008.01.15"]
[Round "7"]
[White "Bernales, Christy Lamiel"]
[Black "Lindiawati, Evi"]
[Result "0-1"]
[WhiteElo "1933"]
[BlackElo "2114"]
[PlyCount "116"]
[EventDate "2008.01.08"]
[EventType "tourn"]
[EventRounds "11"]
[EventCountry "INA"]
[SourceTitle "CBM 122 Extra"]
[Source "ChessBase"]
[SourceDate "2008.03.04"]
[SourceVersion "1"]
[SourceVersionDate "2008.03.04"]
[SourceQuality "1"]

1. e4 d5 2. exd5 Qxd5 3. c4 Qa5 4. Nc3 c6 5. d4 Nf6 6. Be2 Bf5 7. Nf3 Ne4 8. Bd2 Nxd2 9. Qxd2 e6 10. 0-0 Bb4 11. Rfc1 Nd7 12. a3 Bxc3 13. Rxc3 0-0 14. Qf4 Bg6 15. Rb3 Rab8 16. h4 Qf5 17. Qc7 Nb6 18. Rc1 Rfc8 19. Qg3 Rd8 20. Re3 Nd7 21. Ng5 Qf6 22. Bg4 Nf8 23. Rd1 h6 24. Rf3 Qe7 25. h5 Qxg5 26. hxg6 Nxg6 27. Rfd3 Nf4 28. R3d2 f5 29. Bf3 Qxg3 30. fxg3 Ng6 31. Bh5 Nf8 32. Kf2 g6 33. Bf3 Kf7 34. Ke3 h5 35. Rd3 Kf6 36. Rf1 Nh7 37. Be2 Ng5 38. Bf3 Rd7 39. Rfd1 Rbd8 40. b3 Nxf3 41. gxf3 g5 42. R3d2 h4 43. gxh4 gxh4 44. Rh1 Rh8 45. Rdh2 Rdh7 46. Rh3 e5 47. dxe5+ Kxe5 48. Rd1 f4+ 49. Kf2 Rg7 50. Rdh1 Kd4 51. Re1 Kc3 52. b4 Rf7 53. c5 Kb3 54. Ra1 Rd7 55. Rhh1 Rd2+ 56. Ke1 Rb2 57. Kd1 h3 58. Kc1 h2 0-1

[Event "ASEAN Circuit IM (Women)"]
[Site "Tarakan"]
[Date "2008.01.10"]
[Round "3"]
[White "Chan, Wei Yi Victoria"]
[Black "Lindiawati, Evi"]
[Result "0-1"]
[WhiteElo "1876"]
[BlackElo "2114"]
[PlyCount "54"]
[EventDate "2008.01.08"]
[EventType "tourn"]
[EventRounds "11"]
[EventCountry "INA"]
[SourceTitle "CBM 122 Extra"]
[Source "ChessBase"]
[SourceDate "2008.03.04"]
[SourceVersion "1"]
[SourceVersionDate "2008.03.04"]
[SourceQuality "1"]

1. d4 Nf6 2. c4 e6 3. Nc3 Bb4 4. Qc2 c5 5. dxc5 Na6 6. a3 Bxc3+ 7. Qxc3 Nxc5 8. Nf3 0-0 9. b4 Nce4 10. Qc2 d5 11. Bb2 Ng4 12. Bd4 e5 13. h3 Ngxf2 14. Bxf2 Nxf2 15. Kxf2 e4 16. Rd1 exf3 17. Rxd5 fxg2 18. Kxg2 Qh4 19. e4 Be6 20. Rd2 Rad8 21. Rxd8 Rxd8 22. Bd3 Qf4 23. Rf1 Qg5+ 24. Kf2 Bxh3 25. Rd1 Bg4 26. Be2 Qh4+ 27. Kg2 Bh3+ 0-1

[Event "Jakarta EWS Cup"]
[Site "Jakarta"]
[Date "2007.05.22"]
[Round "10"]
[White "Zdebskaja, Natalia"]
[Black "Lindiawati, Evi"]
[Result "1/2-1/2"]
[WhiteElo "2335"]
[BlackElo "2133"]
[PlyCount "83"]
[EventDate "2007.05.15"]
[EventType "tourn"]
[EventRounds "10"]
[EventCountry "INA"]
[EventCategory "1"]
[SourceTitle "CBM 118 Extra"]
[Source "ChessBase"]
[SourceDate "2007.07.04"]
[SourceVersion "1"]
[SourceVersionDate "2007.07.04"]
[SourceQuality "1"]

1. e4 d5 2. exd5 Qxd5 3. Nc3 Qd8 4. d4 Nf6 5. Bc4 Bf5 6. Nf3 e6 7. Qe2 Be7 8. h3 0-0 9. 0-0 Nc6 10. Rd1 Nb4 11. a3 Nbd5 12. Bd3 Nxc3 13. bxc3 Bxd3 14. Rxd3 Qd5 15. Re3 Bd6 16. c4 Qh5 17. Bb2 Bf4 18. Rb3 b6 19. Re1 a6 20. g3 Bd6 21. Kg2 Rfe8 22. Qd2 Rad8 23. Rd3 Nd7 24. Rde3 Qg6 25. Qe2 Rf8 26. d5 exd5 27. cxd5 Nc5 28. Nd4 h5 29. Nc6 Rc8 30. Ne7+ Bxe7 31. Rxe7 c6 32. Re5 cxd5 33. Qd2 Ne6 34. R1e2 Rc4 35. Kh2 Rfc8 36. c3 d4 37. cxd4 Rc2 38. Qd1 h4 39. d5 hxg3+ 40. fxg3 Ng5 41. Re8+ Rxe8 42. Qxc2 1/2-1/2